000 00608nam a2200241Ia 4500
003 OSt
005 20220924135236.0
006 a|||||r|||| 00| 0
007 ta
008 220923b |||||||| |||| 00| 0 ben d
024 _a289460
037 _cTextual
040 _aARTS
_cARTS
_bben
041 _2ben
_aben
082 _aY173Q2:1, 157J3.2
100 _aMandal Panchnan
_9209959
245 0 _aChithipatre samajchitra
260 _c1953
490 _vVol. 2
650 _aSOCIOLOGY
942 _hY173Q2:1, 157J3.2
_cTEXL
_2CC
999 _c440116
_d440116